000 00962nam a22002417a 4500
999 _c4170
_d4170
003 AR-CdUCM
008 190308b ||||| |||| 00| 0 spa d
040 _aMUNICIPALIDAD PROVINCIAL DEL CUSCO
_cBIBLIOTECA MUNICIPAL DEL CUSCO
041 _hfre
082 _a780.943 /
_bR84
100 _aRostand, Claude
_913210
245 _aLa música alemana /
260 _aBuenos Aires :
_bEUDEBA,
_c1962.
300 _a66 páginas ;
_c24 cm.
440 _aCuadernos de EUDEBA.
_n79
_913211
505 _aContenido: Período imperial. Desde los orígenes hasta el fin de la edad media -- La reforma y la guerra de los Treinta Años. Pequeñas cortes e iglesias. La formación de una gran escuela de música erudita - El "Aufklärung". Un clasicismo: Bach y Haendel. Los preclásicos ...
650 _aMúsica
_91443
650 _aAlemania
_91327
650 _aHistoria
_9136
700 _aSpilzinger, Leonor (traductora)
_913212
942 _2ddc
_cLIBROS
945 _azta